AH International Schools' Libraries

The nativity play / (Record no. 49981)

MARC details
000 -LEADER
fixed length control field 00269nam a2200097 4500
020 ## - INTERNATIONAL STANDARD BOOK NUMBER
International Standard Book Number 0340398949
245 ## - TITLE STATEMENT
Title The nativity play /
Statement of responsibility, etc Nick Butterworth and Mick Inkpen.
260 ## - PUBLICATION, DISTRIBUTION, ETC. (IMPRINT)
Place of publication, distribution, etc London:
Name of publisher, distributor, etc Hodder and Stoughton;
Date of publication, distribution, etc 1996.
300 ## - PHYSICAL DESCRIPTION
Other physical details col. ill.
Dimensions 21 cm.
942 ## - ADDED ENTRY ELEMENTS (KOHA)
Source of classification or shelving scheme
Koha item type Book
Holdings
Withdrawn status Lost status Source of classification or shelving scheme Damaged status Not for loan Collection code Home library Current library Date acquired Total Checkouts Full call number Barcode Date last seen Price effective from Koha item type
          Siem Riep Asian Hope Siem Reap Asian Hope Siem Reap 12/11/2025   E BUT 209664 12/11/2025 12/11/2025 Book

For any Logos Library related questions please contact Miss Art at swongnarasuk@asianhope.org.

For any Asian Hope Library related questions please contact Miss Raza at graza@asianhope.org.

Click here to explore our ebooks!

Powered by Koha